Music Quiz

Random Music Quiz

One Direction by Opening Lyrics FOUR Quiz Stats

 Plays Quiz not verified by Sporcle

Also try: Music Box Sets
Challenge
Share
Tweet
Embed
Score 0/16 Timer 07:00
0 Plays Today
Lyrics Song % Correct
Going out tonight, changes into something red...Night Changes
97.5%
She been my queen since we were 16...Steal My Girl
96.7%
When I'm fat and old...Act My Age
95.6%
I got a heart, and I got a soul.......18
95.5%
Her light is as loud as as many ambulances...Girl Almighty
95.1%
Who's that shadow holding me hostage...Stockholm Syndrome
94.8%
Who's gonna be the first one to start the fight...Spaces
94.2%
Counted all my mistakes and there's only oneWhere Do Broken Hearts Go
94%
Lyrics Song % Correct
I think I'm gonna lose my mind...Fireproof
93.2%
Stained coffee cup, just a fingerprint...No Control
92.6%
I'm like a crow on a wire...Fool's Gold
92%
There's a lightning in your eyes I can't deny...Ready To Run
89.7%
I know you said that you don't like it complicated...Clouds
89.5%
Tell me you believe in love...Illusion
89.4%
Watching you get dressed messes with my head...Change Your Ticket
88.6%
[Title] it's just right, we make no mistakes...Once In A Lifetime
78.5%

You're not logged in!

Compare scores with friends on all Sporcle quizzes.
Join for Free
OR
Log In

You Might Also Like...

Show Comments

Extras

Top Quizzes Today


Score Distribution

Your Account Isn't Verified!

In order to create a playlist on Sporcle, you need to verify the email address you used during registration. Go to your Sporcle Settings to finish the process.

Report this User

Report this user for behavior that violates our Community Guidelines.

Details: